01521nam a2200409 i 450000100060000000300080000600500170001400600190003100700150005000800410006502000270010602000180013303500230015103500240017403500250019803500210022304000310024405000240027508000110029908200170031010000360032724500920036325000180045526400880047330000410056133600310060233700330063333800430066650400290070958801280073865000450086665000390091165000400095065000320099065500270102285600620104981395FlNmELB20241217151835.0m o d | cr cnu||||||||150217s2007 mx ob 000 0 spa d a9781449272845 (e-book) z9789707019119 a(MiAaPQ)EBC3227723 a(Au-PeEL)EBL3227723 a(CaPaEBR)ebr11013666 a(OCoLC)992090983 aFINmELBbspaerdacFINmELB 4aPN1992.6bAh86 2007 a654.190 a302.23452231 aAhumada Barajas, Rafael,d1956-10aT.V., su influencia en la percepción de la realidad social /cRafael Ahumada Barajas. a1. edición. 1aMéxico :bUniversidad Nacional Autónoma de México :bM. Á. Porrúa,c2007. a1 recurso en línea (272 páginas) atextobtxt2rdacontent/spa acomputadorabc2rdamedia/spa arecurso en líneabcr2rdacarrier/spa aContiene bibliografía. aDescripción basada en recurso en línea; Título de la página del título en PDF (e-libro, visto February 17, 2015). 0aTelevision broadcastingxSocial aspects. 4aTeledifusiónxAspectos sociales. 0aTelevision broadcastingxInfluence. 4aTeledifusiónxInfluencia. 4aLibros electrónicos.40uhttps://elibro.net/ereader/politecnicointernacional/75401